Hướng dẫn mới nhất về xử phạt vi phạm hành chính trong lĩnh vực tiêu chuẩn đo lường và chất lượng sản phẩm, hàng hóa : Hỏi đáp về công tác quản lý chất lượng sản phẩm 2013
Sách gồm 9 phần với các nội dung chính: hỏi đáp về quản lí chất lượng sản phẩm, hàng hoá; hỏi đáp về quản lý tài chính, chế độ thu , nộp và quản lý sử dụng lệ phí trong công tác quản lý chất lượng; hỏi đáp kiểm tra nhà nước về châ...
Wedi'i Gadw mewn:
| Fformat: | Llyfr |
|---|---|
| Iaith: | Undetermined |
| Cyhoeddwyd: |
Hà Nội
Lao động
2013
|
| Pynciau: | |
| Tagiau: |
Ychwanegu Tag
Dim Tagiau, Byddwch y cyntaf i dagio'r cofnod hwn!
|
| Thư viện lưu trữ: | Trung tâm Học liệu Trường Đại học Cần Thơ |
|---|
| LEADER | 01530nam a2200217Ia 4500 | ||
|---|---|---|---|
| 001 | CTU_185632 | ||
| 008 | 210402s9999 xx 000 0 und d | ||
| 020 | |c 325000 | ||
| 082 | |a 344.597042 | ||
| 082 | |b H561 | ||
| 245 | 0 | |a Hướng dẫn mới nhất về xử phạt vi phạm hành chính trong lĩnh vực tiêu chuẩn đo lường và chất lượng sản phẩm, hàng hóa : | |
| 245 | 0 | |b Hỏi đáp về công tác quản lý chất lượng sản phẩm 2013 | |
| 245 | 0 | |c Thuỳ Linh, Việt Trinh (Sưu tầm và hệ thống hoá) | |
| 260 | |a Hà Nội | ||
| 260 | |b Lao động | ||
| 260 | |c 2013 | ||
| 520 | |a Sách gồm 9 phần với các nội dung chính: hỏi đáp về quản lí chất lượng sản phẩm, hàng hoá; hỏi đáp về quản lý tài chính, chế độ thu , nộp và quản lý sử dụng lệ phí trong công tác quản lý chất lượng; hỏi đáp kiểm tra nhà nước về chất lượng hàng hoá nhập khẩu, lưu thông trên thị trường; các quy định mới về kiểm tra chất lượng, an toàn kỹ thuật trong quá trình sản xuất;... | ||
| 650 | |a Quality control,Quản lý chất lượng | ||
| 650 | |x Law and legislation,Luật và lập pháp | ||
| 910 | |a Trần Thị Tuyết Vân,Hải | ||
| 980 | |a Trung tâm Học liệu Trường Đại học Cần Thơ | ||